000 00505nam a2200181Ia 4500
008 240925s9999 xx 000 0 und d
020 _a72515848
082 _a004.6 FOR
100 _aForouzan, Behrouz A.
245 0 _aData Communications and Networking
250 _a3rd
260 _aBoston:
_bMC Graw-Hill
_c,2004.
300 _axxiv,676p.
_bN.A
_fPhotocopy
500 _aIncludes Index
600 _aEngineering Technology
650 _aComputer science, information & general works
942 _cBK
999 _c9620
_d9620